| 000 | 00819nam a2200313Ia 4500 | ||
|---|---|---|---|
| 008 | 160803s9999 xx 000 0 und d | ||
| 020 | _a978-1416909859 | ||
| 100 | _aClements, Andrew | ||
| 245 | _aLost and found / | ||
| 245 | _cAndrew Clements ; illustrations by Mark Elliott. | ||
| 260 | _aNew York : | ||
| 260 | _bScholastic Inc. | ||
| 260 | _c2009 | ||
| 300 | _a161 pages : | ||
| 300 | _billustrations ; | ||
| 300 | _c22 cm. | ||
| 500 | _aOriginally published: New York : Atheneum Books for Young Readers, c2008. | ||
| 650 | _aBrothers -- | ||
| 650 | _aIdentity -- | ||
| 650 | _aIndividuality -- | ||
| 650 | _aSchools -- | ||
| 650 | _aTwins -- | ||
| 650 | _xFiction. | ||
| 650 | _xFiction. | ||
| 650 | _xFiction. | ||
| 650 | _xFiction. | ||
| 650 | _xFiction. | ||
| 700 | _a780 | ||
| 999 |
_c298520 _d298520 |
||